Eastern Utah Libraries Catalog: Duchesne, Heber, Roosevelt, & Vernal

Once I was a Beehive / (Record no. 288201)

MARC details
000 -LEADER
fixed length control field 03824ngm a2200793Ii 4500
001 - CONTROL NUMBER
control field ocn931600591
003 - CONTROL NUMBER IDENTIFIER
control field OCoLC
005 - DATE AND TIME OF LATEST TRANSACTION
control field 20200320194623.0
007 - PHYSICAL DESCRIPTION FIXED FIELD--GENERAL INFORMATION
fixed length control field vd cvaizq
008 - FIXED-LENGTH DATA ELEMENTS--GENERAL INFORMATION
fixed length control field 151207s2015 utu094 vleng d
024 1# - OTHER STANDARD IDENTIFIER
Standard number or code 783027014990
028 42 - PUBLISHER NUMBER
Publisher number SKU 5146678
Source Excel
035 ## - SYSTEM CONTROL NUMBER
System control number (OCoLC)931600591
040 ## - CATALOGING SOURCE
Original cataloging agency UPZ
Language of cataloging eng
Description conventions rda
Transcribing agency UPZ
Modifying agency WACOL
041 0# - LANGUAGE CODE
-- eng
-- spa
-- por
049 ## - LOCAL HOLDINGS (OCLC)
Holding library WACL
050 #4 - LIBRARY OF CONGRESS CALL NUMBER
Classification number PN1997.2
Item number .O585 2015
082 04 - DEWEY DECIMAL CLASSIFICATION NUMBER
Classification number 791.43/72
Edition number 23
092 ## - LOCALLY ASSIGNED DEWEY CALL NUMBER (OCLC)
Classification number dvd
Item number Onc
245 00 - TITLE STATEMENT
Title Once I was a Beehive /
Statement of responsibility, etc Purdie Distribution presents a Thrillion Dollar Movie in association with Escapology ; written and directed by Maclain Nelson ; produced by Jake Van Wagoner and Maclain Nelson.
257 ## - COUNTRY OF PRODUCING ENTITY FOR ARCHIVAL FILMS
Country of producing entity United States.
-- naf
264 #1 - Production, Publication, Distribution, Manufacture, and Copyright Notice.
Place of production, publication, distribution, manufacture [Salt Lake City, Utah] :
Name of producer, publisher, distributor, manufacturer Purdie Distribution/Thrillion Dollar Move, LLC,
Date of production, publication, distribution, manufacture, or copyr [2015]
264 #4 - Production, Publication, Distribution, Manufacture, and Copyright Notice.
Date of production, publication, distribution, manufacture, or copyr ©2015
300 ## - PHYSICAL DESCRIPTION
Extent 1 videodisc (94 min.) :
Other physical details sound, color ;
Dimensions 4 3/4 in.
336 ## - Content Type
Content type term two-dimensional moving image
337 ## - Media type
Media type term video
338 ## - Carrier type
Carrier type term videodisc
344 ## -
-- digital
-- optical
-- stereo
-- rda
346 ## -
-- NTSC
-- rda
347 ## -
-- video file
-- DVD video
-- all regions
-- rda
538 ## - SYSTEM DETAILS NOTE
System details note DVD, widescreen (16:9), NTSC, all regions.
500 ## - GENERAL NOTE
General note Motion picture.
500 ## - GENERAL NOTE
General note Special features: Camp memories ; Happy campers: meet the cast ; Music video: together.
500 ## - GENERAL NOTE
General note "From the producers of the Saratov Approach, a girls camp movie based on thousands of true stories" -- Container.
508 ## - CREATION/PRODUCTION CREDITS NOTE
Creation/production credits note Original music by Michael Lee Bishop ; co-produced by Lisa Valentine Clark, Hailey Smith, Clare Niederpruem, and Matthew Wade Johnson ; production designer, Anne Black ; edited by Kristi Shimek ; cinematography by Joel Remke ; co-executive producers: Jimmy Rex and Travis Prince.
511 1# - PARTICIPANT OR PERFORMER NOTE
Participant or performer note Paris Warner, Mila Smith, Clare Niederpruem, Lisa Valentine Clark, Hailey Smith, Barta Heiner, Adam Johnson.
546 ## - LANGUAGE NOTE
Language note Subtitles in English, Spanish, and Portuguese.
520 ## - SUMMARY, ETC.
Summary, etc After losing her father to cancer, a teenage girl reluctantly joins her new step-cousin at a summer camp for Mormon girls.
521 8# - TARGET AUDIENCE NOTE
Target audience note MPAA rating: PG; for mild thematic elements and brief peril.
521 ## - TARGET AUDIENCE NOTE
Target audience note dvd
Source deseret book
650 #0 - SUBJECT ADDED ENTRY--TOPICAL TERM
Topical term or geographic name as entry element Camping
Form subdivision Drama.
9 (RLIN) 5714638
650 #0 - SUBJECT ADDED ENTRY--TOPICAL TERM
Topical term or geographic name as entry element Mormons
Form subdivision Drama.
9 (RLIN) 5777501
650 #0 - SUBJECT ADDED ENTRY--TOPICAL TERM
Topical term or geographic name as entry element Remarriage
Form subdivision Drama.
9 (RLIN) 5904168
650 #0 - SUBJECT ADDED ENTRY--TOPICAL TERM
Topical term or geographic name as entry element Religious camps
Form subdivision Drama.
9 (RLIN) 5904169
650 #0 - SUBJECT ADDED ENTRY--TOPICAL TERM
Topical term or geographic name as entry element Christian life
Form subdivision Drama.
9 (RLIN) 5723130
655 #7 - INDEX TERM--GENRE/FORM
Genre/form data or focus term Feature films.
Source of term lcgft
9 (RLIN) 5904170
655 #7 - INDEX TERM--GENRE/FORM
Genre/form data or focus term Comedy films.
Source of term lcgft
9 (RLIN) 102658
655 #7 - INDEX TERM--GENRE/FORM
Genre/form data or focus term Christian films.
Source of term lcgft
9 (RLIN) 5689231
655 #7 - INDEX TERM--GENRE/FORM
Genre/form data or focus term Video recordings for the hearing impaired.
Source of term lcgft
9 (RLIN) 5904171
700 1# - ADDED ENTRY--PERSONAL NAME
Personal name Van Wagoner, Jake,
Relator term film producer.
9 (RLIN) 5904172
700 1# - ADDED ENTRY--PERSONAL NAME
Personal name Nelson, Maclain,
Relator term screenwriter,
-- film director,
-- film producer.
9 (RLIN) 5904173
700 1# - ADDED ENTRY--PERSONAL NAME
Personal name Warner, Paris,
Relator term actor.
9 (RLIN) 5904174
700 1# - ADDED ENTRY--PERSONAL NAME
Personal name Clark, Lisa Valentine,
Relator term actor,
-- film producer.
9 (RLIN) 5814029
700 1# - ADDED ENTRY--PERSONAL NAME
Personal name Smith, Hailey,
Relator term actor,
-- film producer.
9 (RLIN) 5904175
700 1# - ADDED ENTRY--PERSONAL NAME
Personal name Smith, Mila,
Relator term actor.
9 (RLIN) 5904176
700 1# - ADDED ENTRY--PERSONAL NAME
Personal name Biedel, Amy,
Relator term actor.
9 (RLIN) 5904177
700 1# - ADDED ENTRY--PERSONAL NAME
Personal name Heiner, Barta,
Relator term actor.
9 (RLIN) 78091
700 1# - ADDED ENTRY--PERSONAL NAME
Personal name Niederpruem, Clare,
Relator term actor.
9 (RLIN) 5904178
700 1# - ADDED ENTRY--PERSONAL NAME
Personal name Johnson, Adam,
Dates associated with a name 1973-
Relator term actor.
9 (RLIN) 5904179
700 1# - ADDED ENTRY--PERSONAL NAME
Personal name Bishop, Michael Lee,
Relator term composer (expression)
9 (RLIN) 5904180
710 2# - ADDED ENTRY--CORPORATE NAME
Corporate name or jurisdiction name as entry element Purdie Distribution,
Relator term production company.
9 (RLIN) 5904181
710 2# - ADDED ENTRY--CORPORATE NAME
Corporate name or jurisdiction name as entry element Escapology (Firm),
Relator term production company.
9 (RLIN) 5904182
710 2# - ADDED ENTRY--CORPORATE NAME
Corporate name or jurisdiction name as entry element Thrillion Dollar Movie, LLC,
Relator term production company.
9 (RLIN) 5904183
710 2# - ADDED ENTRY--CORPORATE NAME
Corporate name or jurisdiction name as entry element Excel Entertainment (Firm),
Relator term film distributor.
9 (RLIN) 56099
942 ## - ADDED ENTRY ELEMENTS (KOHA)
Koha item type DVD
948 ## - LOCAL PROCESSING INFORMATION (OCLC); SERIES PART DESIGNATOR (RLIN)
Series part designator, SPT (RLIN) 12/11/2015
z (OCLC) Sirsi
994 ## -
-- C0
-- WACOL
996 ## -
-- 126974
-- 34301001221458
-- DVD
-- DVD
-- wcl
-- i
-- 38
-- 19.99
-- deseret book
-- Onc
-- 12/14/2015
-- 11/15/2019
-- 11/08/2019
Holdings
Withdrawn status Lost status Source of classification or shelving scheme Damaged status Not for loan Collection code Home library Current library Shelving location Date acquired Source of acquisition Cost, normal purchase price Total Checkouts Total Renewals Full call number Barcode Date last seen Date checked out Cost, replacement price Price effective from Koha item type
    Dewey Decimal Classification     Movies Wasatch County Library Wasatch County Library Audio Visual Area 12/14/2015   19.99 47 13 DVD Onc 34301001221458 09/30/2025 09/22/2025 19.99 03/20/2020 DVD
This project was made possible through a grant from the Institute of Museum and Library Service administered by the Utah State Library Division.

Wasatch County Library

  • 465 East 1200 South, Heber City, Utah 84032
  • Phone 435-654-1511 | Fax 435-654-6456

Hours

  • Monday - Friday 9:30 AM - 8:00 PM
  • Saturday 9:30 AM - 1:30 PM
  • Closed Sundays and Holidays